Loading...
| Beliefs | 8 | 13.75 | 88% | 50% | 0% |
| Current Events | 1 | 10.00 | 100% | 0% | 0% |
| Fine Arts - Auditory Fine Arts | 4 | 12.50 | 100% | 25% | 0% |
| Fine Arts - Visual Fine Arts | 2 | 15.00 | 100% | 50% | 0% |
| Geography | 1 | 20.00 | 100% | 100% | 0% |
| History - American History | 6 | 16.67 | 100% | 50% | 17% |
| History - European History | 4 | 15.00 | 100% | 50% | 0% |
| History - World History | 5 | 12.00 | 80% | 20% | 20% |
| Literature - American Literature | 6 | 15.00 | 100% | 50% | 0% |
| Literature - British Literature | 5 | 10.00 | 80% | 20% | 0% |
| Literature - European Literature | 4 | 17.50 | 100% | 75% | 0% |
| Other Academic | 1 | 20.00 | 100% | 100% | 0% |
| Other Arts: Visual | 3 | 10.00 | 100% | 0% | 0% |
| Other Science: Computer Science | 1 | 0.00 | 0% | 0% | 0% |
| Other Science: Earth Science | 1 | 0.00 | 0% | 0% | 0% |
| Other Science: Math | 1 | 0.00 | 0% | 0% | 0% |
| Philosophy | 6 | 8.33 | 83% | 0% | 0% |
| Science - Biology | 1 | 10.00 | 100% | 0% | 0% |
| Science - Chemistry | 3 | 10.00 | 100% | 0% | 0% |
| Science - Physics | 6 | 6.67 | 50% | 17% | 0% |
| Social Science | 4 | 15.00 | 75% | 50% | 25% |
| 9 | 12.22 | 100% | 22% | 0% |